The emergence of agriculture /

محفوظ في:

المؤلف الرئيسي: Smith, Bruce D. 1946- (مؤلف)

التنسيق: كتاب

اللغة: English

منشور في: New York : Scientific American Library, c1995.

سلاسل: Scientific American Library series ; 54.

الموضوعات:

الوسوم: إضافة وسم

لا توجد وسوم, كن أول من يضع وسما على هذه التسجيلة!

رقم الطلب: GN799 .A4 S52 1995

LEADER 01330namaa2200337 4500
001 24746
003 OSt
005 20250807082426.0
008 130303s1995 nyuab g b 001 0 eng d
010 |a 94022833 
020 |a 0716750554 
040 |c ARCE Library 
050 4 |a GN799 .A4 S52 1995 
100 1 |a Smith, Bruce D.   |q (Bruce David),   |d 1946-  |e author 
245 1 4 |a The emergence of agriculture /   |c Bruce D. Smith. 
264 1 |a New York :   |b Scientific American Library,   |c c1995. 
300 |a 231 pages :   |b illustrations (some color) ;   |c 25 cm. 
490 1 |a Scientific American Library series ;   |v 54. 
500 |a OCLC 30919253 
504 |a Includes bibliographical references (pages 215-218) and index. 
505 0 |a •In search of origins •Creating new plants and animals •New technology and the search for agricultural origins •The Fertile Crescent •Europe and Africa •Middle and South America •Eastern North America and the Southwest. 
650 0 |a Agriculture  |x Origin. 
650 0 |a Agriculture, Prehistoric. 
650 0 |a Domestic animals  |x Origin. 
650 0 |a Nature  |x Effect of human beings on. 
650 0 |a Paleoethnobotany. 
650 0 |a Plants, Cultivated  |x Origin. 
830 0 |a Scientific American Library series ;   |v 54. 
901 |a reviewed 
942 |c BK  |2 lcc 
999 |c 23067  |d 23067